00231nam a2200073Ia 4500008004100000100001500041245007300056260002800129120527s9999 xx 000 0 und d aFAJIMI, J. aNational Population census what Nigerians need to know:Roadmap to a  bSpecial born creativity